[Event "Stay Safe Play From Home 199"]
[Site "T#646564Emanuel Laske"]
[Date "2020.06.04"]
[Round "9"]
[White "MarkonY"]
[Black "Rk1966"]
[Result "1-0"]
[WhiteElo "2317"]
[BlackElo "1487"]
[Annotator "NA RC"]
[PlyCount "53"]
[EventDate "2020.06.04"]
[EventType "swiss (blitz)"]

1. d4 {[%emt 0:00:01]} d5 {[%emt 0:00:02]} 2. c4 {[%emt 0:00:00]} e6 {[%emt 0:00:02]} 3. Nc3 {[%emt 0:00:00]} c6 {[%emt 0:00:01]} 4. e3 {[%emt 0:00:01]} Bd6 {[%emt 0:00:01]} 5. Qc2 {[%emt 0:00:00]} Nf6 {[%emt 0:00:01]} 6. Nf3 {[%emt 0:00:01]} Nbd7 {[%emt 0:00:01]} 7. Be2 {[%emt 0:00:01]} O-O {[%emt 0:00:03]} 8. O-O {[%emt 0:00:00]} e5 {[%emt 0:00:01]} 9. cxd5 {[%emt 0:00:02]} cxd5 {[%emt 0:00:01]} 10. dxe5 {[%emt 0:00:01]} Nxe5 {[%emt 0:00:02]} 11. Rd1 {[%emt 0:00:01]} Nxf3+ {[%emt 0:00:01]} 12. Bxf3 {[%emt 0:00:00]} Qc7 {[%emt 0:00:03]} 13. Qb3 {[%emt 0:00:03]} Bxh2+ {[%emt 0:00:02]} 14. Kf1 {[%emt 0:00:01]} Be5 {[%emt 0:00:02]} 15. Nxd5 {[%emt 0:00:02]} Nxd5 {[%emt 0:00:01]} 16. Bxd5 {[%emt 0:00:01]} Bf5 {[%emt 0:00:04]} 17. e4 {[%emt 0:00:01]} Bg6 {[%emt 0:00:01]} 18. Be3 {[%emt 0:00:01]} Qe7 {[%emt 0:00:02]} 19. Rac1 {[%emt 0:00:01]} Kh8 {[%emt 0:00:04]} 20. f4 {[%emt 0:00:03]} Bxf4 {[%emt 0:00:08]} 21. Bxf4 {[%emt 0:00:01]} f5 {[%emt 0:00:01]} 22. e5 {[%emt 0:00:01]} Qc5 {[%emt 0:00:02]} 23. Rxc5 {[%emt 0:00:02]} b6 {[%emt 0:00:02]} 24. Rc7 {[%emt 0:00:01]} Rad8 {[%emt 0:00:01]} 25. e6 {[%emt 0:00:01]} Bh5 {[%emt 0:00:01]} 26. Qc3 {[%emt 0:00:01]} Bxd1 {[%emt 0:00:01]} 27. Qxg7# {[%emt 0:00:01] (Lag: Av=0.34s, max=0.7s)} 1-0

[Event "Stay Safe Play From Home 199"]
[Site "T#646564Emanuel Laske"]
[Date "2020.06.04"]
[Round "9"]
[White "Weltszmerc"]
[Black "Chesstiger9"]
[Result "1-0"]
[WhiteElo "2099"]
[BlackElo "2005"]
[Annotator "TA"]
[PlyCount "101"]
[EventDate "2020.06.04"]
[EventType "swiss (blitz)"]

{[%evp 20,100,23,14,68,40,116,98,100,99,100,89,104,79,131,92,109,81,291,22,37,58,71,-1,0,-30,-22,-42,0,-111,0,-368,-378,-371,-359,-536,-504,-512,-505,-493,-479,-29993,-29994,-29997,-29990,-29996,-29993,-29997,-29946,-29936,-12847,-12835,-12835,-11477,-6203,-5318,-5218,-2381,0,0,599,478,29971,29972,29993,29987,29987,29988,29992,29993,29995,29996,29996,29997,29997,29997,29997,29996,29996,29997,29998,29999,29999]} 1. d4 d5 2. c4 e6 3. Nf3 Nf6 4. g3 c6 5. Bg2 g6 6. O-O Bg7 7. Nbd2 O-O 8. Qc2 Nbd7 9. e4 dxe4 10. Nxe4 Nxe4 11. Qxe4 Nf6 {D78: Fianchetto Grünfeld: 6 0-0 c6.} (11... Re8 $11) 12. Qe2 h6 (12... Re8 $14) 13. Rd1 {[#]} Re8 $146 {White is better.} ({Predecessor:} 13... Qe7 14. Bf4 Rd8 15. c5 Nd5 16. Be5 f6 17. Bd6 Qf7 18. Re1 Bf8 19. Bxf8 Kxf8 {1-0 (55) Aschenbrenner,R (2262)-Schnabel,J (2010) Austria 2010}) 14. Ne5 Nd7 15. c5 (15. f4 {keeps more tension.} Qc7 16. Be3 a5 17. b3 c5 18. Rab1) 15... Nxe5 16. dxe5 Qc7 ({Black should try} 16... Qa5) 17. f4 b6 18. b4 a5 $2 (18... bxc5 $16 19. bxc5 Bf8) 19. bxa5 $2 (19. b5 $18 Bb7 20. cxb6 Qxb6+ 21. Be3) 19... bxc5 $11 20. Bd2 Ba6 21. Qe3 (21. Qe4 $16) 21... Bf8 22. Rab1 Red8 23. Rb6 Rd4 24. Rxc6 (24. Bxc6 $11 {remains equal.} Ra7 25. Rc1) 24... Qd7 (24... Qd8 $17 {White must now prevent ...Rd3.} 25. Rb6 Ra7) 25. Rd6 $2 {[%mdl 8192]} (25. Rb6 $11 Ra7 26. Rb8) 25... Bxd6 $19 26. exd6 ({Not} 26. Bxa8 Bc7 $19) 26... Rb8 27. f5 (27. Bf1 $142 Qxd6 28. Bxa6) 27... Rb2 28. fxg6 fxg6 29. Qxh6 Qf7 30. Bf1 {[#]} (30. h4 $19 Rxd6 {[#]} 31. h5 $1 {[%mdl 512]}) 30... Rdxd2 $1 {[%mdl 512]} 31. Re1 (31. Rxd2 Qxf1#) 31... Rf2 32. Bxa6 Rg2+ 33. Kh1 Rxh2+ 34. Qxh2 Rxh2+ (34... Qf3+ $142 35. Kg1 Rxh2 36. Kxh2 Qf2+ {[%mdl 64] Double Attack} 37. Kh3 Qxe1 38. d7 Qxa5 39. Bb5 Kf7 40. a4 Ke7 41. Bc4 Qxa4 42. Bxe6 c4 43. Kg2 c3 44. Kh3 Qd1 45. Bc4 Qh1+ 46. Kg4 c2 47. d8=B+ Kxd8 48. Kg5 c1=Q+ {[%mdl 64] Double Attack} 49. Kf6 Qxc4 50. g4 Qf4+ 51. Kg7 Qhh6+ 52. Kg8 Qff8#) 35. Kxh2 {[%mdl 4096] Endgame KQ-KRB} Qf2+ {[%mdl 64] Double Attack} 36. Kh3 Qxe1 37. d7 Qd2 38. Bc8 Qd6 $2 (38... Kf7 $19 39. a3 Qxa5) 39. a6 $11 {And now a7 would win.} Qc7 $2 {[%mdl 8192] [#]} (39... Qd1 $11 {and Black is okay.} 40. a7 Qh5+ 41. Kg2 Qe2+ 42. Kg1 Qe3+ 43. Kg2 Qd2+ 44. Kh3 Qh6+ 45. Kg2 Qd2+ {[%mdl 64] Double Attack} 46. Kh3 Qh6+ 47. Kg2 Qd2+ {[%mdl 64] Double Attack}) 40. a7 $1 $18 {[%cal Ra7a8][%mdl 512]} Qd8 (40... Qxa7 $18 41. d8=Q+ {[%mdl 64] Discovered Attack} Kf7) 41. a8=Q {White mates.} e5 42. Qd5+ Kg7 43. Qxe5+ Kh7 44. Qe8 Qxe8 45. dxe8=Q Kg7 46. Qe7+ Kh6 47. Be6 c4 48. Qf7 c3 49. Bb3 c2 50. Bxc2 {[%csl Gc2][%cal Rf7g6]} Kh5 51. Qxg6# {What a fight! Accuracy: White = 40%, Black = 68%.} 1-0

[Event "Stay Safe Play From Home 199"]
[Site "T#646564Emanuel Laske"]
[Date "2020.06.04"]
[Round "9"]
[White "Castlingarrocco"]
[Black "Trotsky"]
[Result "1-0"]
[WhiteElo "1993"]
[BlackElo "1593"]
[Annotator "TA"]
[PlyCount "45"]
[EventDate "2020.06.04"]
[EventType "swiss (blitz)"]

{[%evp 9,45,16,29,0,21,-25,0,-27,10,-16,98,-152,245,-163,125,13,398,73,212,187,522,290,458,433,578,583,947,931,1622,1352,2454,2404,2356,2276,2299,2158,29989,29989]} 1. Nc3 c5 2. e4 e6 3. Nf3 d5 4. exd5 exd5 5. d4 c4 6. Ne5 {C10: French with 3 Nc3: Unusual Black 3rd moves and 3...dxe4.} Be6 {[#]} 7. f4 $146 ({Predecessor:} 7. Be2 Nf6 8. O-O Nc6 9. b3 cxb3 10. axb3 Qb6 11. Nxc6 bxc6 12. Ra6 Qb4 13. Rxc6 Bd7 14. Rxf6 gxf6 15. Nxd5 Qd6 16. Bf3 O-O-O 17. Qd3 Bc6 18. Bf4 Qd7 19. Bg4 Qxg4 20. Qa6+ {1-0 (20) Horner,J (2372)-Owen,D (2095) Liverpool 2008}) 7... Nc6 8. Be2 {The position is equal.} Qc7 9. Bf3 Bd6 (9... Nf6 $11) 10. Qe2 $2 (10. Bxd5 $16 {0-0 is the strong threat.} Bxe5 11. fxe5 (11. dxe5 Rd8 $16)) 10... a6 $2 {[#]} (10... Nxd4 $17 {and life is bright.} 11. Qf2 Bxe5 12. fxe5 Qxe5+ 13. Kd1 Nxf3 14. Qxf3 Qd4+ 15. Ke1 Ne7) 11. O-O $4 {[%mdl 8192]} ({Not} 11. Bxd5 Nxd4 12. Qe4 Bc5 $15) (11. Nxd5 $6 Bxd5 12. Nxc6+ (12. Bxd5 Nxd4 13. Qe4 O-O-O $14) (12. Nxc4+ Nge7 $11) 12... Kf8 $16) (11. Nxc6 $1 $18 {is the narrow road to win.} bxc6 12. f5 {[%mdl 64] Pin}) 11... O-O-O $2 ({Better is} 11... Nxd4 $19 12. Qd1 Nxf3+ 13. Nxf3 Nf6) 12. Be3 ({Worse is} 12. Bxd5 Nxd4 13. Bxe6+ fxe6 $15) (12. Nxc6 $16 bxc6 13. b3) 12... f6 $2 {[%mdl 8192]} (12... Nge7 $1 $11 {and Black stays safe.}) 13. Nxc6 $2 (13. Bxd5 $18 {and the rest is easy.} Bd7 14. Nf7 (14. Qxc4 fxe5 15. fxe5 Nxe5 $18)) 13... bxc6 {[#]} (13... Qxc6 $16 14. b3 Ne7) 14. b3 $1 $18 {[%cal Bb2b3,Bb3c4,Bc4d5][%mdl 32] Black must now prevent bxc4.} g5 $2 (14... Nh6 15. bxc4 dxc4) 15. g3 h5 (15... gxf4 {might work better.} 16. Bxf4 Bh3) 16. fxg5 fxg5 17. Bxg5 Rf8 18. Qxe6+ Kb7 19. bxc4 Bxg3 20. Rab1+ Ka7 21. cxd5 Bxh2+ 22. Kh1 Re8 23. Qxe8 {Accuracy: White = 23%, Black =  3%.} 1-0

[Event "Stay Safe Play From Home 199"]
[Site "T#646564Emanuel Laske"]
[Date "2020.06.04"]
[Round "9"]
[White "Lazieri3"]
[Black "Haxhi Baha"]
[Result "0-1"]
[WhiteElo "1988"]
[BlackElo "1998"]
[Annotator "RC"]
[PlyCount "84"]
[EventDate "2020.06.04"]
[EventType "swiss (blitz)"]

1. e4 {[%emt 0:00:03]} e6 {[%emt 0:00:01]} 2. Nc3 {[%emt 0:00:00]} d5 {[%emt 0:00:00]} 3. exd5 {[%emt 0:00:01]} exd5 {[%emt 0:00:00]} 4. d4 {[%emt 0:00:00]} c6 {[%emt 0:00:00]} 5. Nf3 {[%emt 0:00:00]} Nf6 {[%emt 0:00:00]} 6. Bf4 {[%emt 0:00:01]} Bd6 {[%emt 0:00:00]} 7. Bxd6 {[%emt 0:00:01]} Qxd6 {[%emt 0:00:00]} 8. Bd3 {[%emt 0:00:00]} O-O {[%emt 0:00:00]} 9. O-O {[%emt 0:00:01]} Bg4 {[%emt 0:00:02]} 10. Be2 {[%emt 0:00:01]} Re8 {[%emt 0:00:02]} 11. Ne5 {[%emt 0:00:02]} Bxe2 {[%emt 0:00:01]} 12. Nxe2 {[%emt 0:00:00]} Nfd7 {[%emt 0:00:00]} 13. Nxd7 {[%emt 0:00:02]} Nxd7 {[%emt 0:00:00]} 14. Ng3 {[%emt 0:00:01]} Qb4 {[%emt 0:00:01]} 15. Qd3 {[%emt 0:00:06]} Nf6 {[%emt 0:00:01]} 16. b3 {[%emt 0:00:02]} Qd6 {[%emt 0:00:01]} 17. c4 {[%emt 0:00:02]} g6 {[%emt 0:00:01]} 18. Rfe1 {[%emt 0:00:01]} Rxe1+ {[%emt 0:00:02]} 19. Rxe1 {[%emt 0:00:01]} Re8 {[%emt 0:00:00]} 20. Rxe8+ {[%emt 0:00:01]} Nxe8 {[%emt 0:00:00]} 21. Qe3 {[%emt 0:00:01]} Nf6 {[%emt 0:00:01]} 22. h3 {[%emt 0:00:00]} Kg7 {[%emt 0:00:01]} 23. Kf1 {[%emt 0:00:02]} dxc4 {[%emt 0:00:01]} 24. bxc4 {[%emt 0:00:02]} b5 {[%emt 0:00:00]} 25. cxb5 {[%emt 0:00:02]} cxb5 {[%emt 0:00:00]} 26. Ne4 {[%emt 0:00:02]} Nxe4 {[%emt 0:00:03]} 27. Qxe4 {[%emt 0:00:00]} Qb4 {[%emt 0:00:01]} 28. Qe5+ {[%emt 0:00:01]} f6 {[%emt 0:00:01]} 29. Qc7+ {[%emt 0:00:02]} Kg8 {[%emt 0:00:01]} 30. Qd8+ {[%emt 0:00:02]} Kf7 {[%emt 0:00:01]} 31. Qd7+ {[%emt 0:00:02]} Qe7 {[%emt 0:00:01]} 32. Qxb5 {[%emt 0:00:01]} Qe4 {[%emt 0:00:02]} 33. Qd7+ {[%emt 0:00:02]} Kf8 {[%emt 0:00:02]} 34. Qc8+ {[%emt 0:00:02]} Kg7 {[%emt 0:00:01]} 35. Qd7+ {[%emt 0:00:04]} Kh6 {[%emt 0:00:01]} 36. Qg4 {[%emt 0:00:01]} Qb1+ {[%emt 0:00:02]} 37. Ke2 {[%emt 0:00:00]} Qxa2+ {[%emt 0:00:00]} 38. Ke3 {[%emt 0:00:00]} Qb3+ {[%emt 0:00:03]} 39. Ke2 {[%emt 0:00:01]} Qc2+ {[%emt 0:00:01]} 40. Ke3 {[%emt 0:00:01]} Qc3+ {[%emt 0:00:01]} 41. Ke2 {[%emt 0:00:01]} f5 {[%emt 0:00:00]} 42. Qf4+ {[%emt 0:00:01]} Kg7 {[%emt 0:00:02] Time (Lag: Av=0.99s, max=1.6s)} 0-1

[Event "Stay Safe Play From Home 199"]
[Site "T#646564Emanuel Laske"]
[Date "2020.06.04"]
[Round "9"]
[White "Cirovicz"]
[Black "Mepe_Nika"]
[Result "0-1"]
[WhiteElo "1897"]
[BlackElo "2304"]
[Annotator "TA"]
[PlyCount "88"]
[EventDate "2020.06.04"]
[EventType "swiss (blitz)"]

{[%evp 17,88,0,0,0,0,-43,-36,-118,-113,-133,-105,-99,0,-221,-218,-215,-216,-227,-213,-208,-169,-233,-228,-317,-265,-241,-208,-241,-243,-325,-308,-316,-197,-197,-183,-177,-91,-806,-778,-5365,-5297,-5397,231,218,218,195,215,171,199,138,160,0,964,0,0,0,8,0,3,0,8,0,21,-89,-89,-96,-8,-96,-106,-316,0,-29980,51]} 1. e4 e5 2. Nf3 Nc6 3. Bc4 Nf6 4. Nc3 Bc5 5. d3 d6 6. Bg5 h6 7. Bxf6 Qxf6 8. Nd5 Qd8 9. c3 Ne7 10. Nxe7 {C50: Hungarian Defence and Giuoco Pianissimo.} Qxe7 {[#]} 11. Qb3 $146 (11. h3 {is more complex.} O-O 12. O-O Bb6 13. Re1 a5 14. a4) ({Predecessor:} 11. O-O Bb6 12. a4 c6 13. a5 Bc7 14. Qb3 O-O 15. Rfe1 Rb8 16. d4 Bg4 17. Re3 b5 {½-½ (43) Puppi Lazo,S (2012)-Ortiz Verdesoto,A (2030) Guayaquil 2019}) 11... O-O 12. O-O-O ({White should try} 12. Qd1 $15) 12... Bxf2 $17 13. Rhf1 Be3+ 14. Kb1 Be6 (14... a5 $17 15. a4 Bd7) 15. d4 $2 (15. Bxe6 $11 {and White has nothing to worry.} Qxe6 16. Qxb7) 15... Bxc4 $19 16. Qxc4 exd4 {[%mdl 64] [#] Discovered Attack} 17. cxd4 Qxe4+ 18. Ka1 c5 19. Qb5 (19. Rfe1 $142) 19... cxd4 20. Nd2 Bxd2 21. Rxd2 Rfe8 22. Rfd1 Rac8 23. a4 Rc5 24. Qd7 Qe6 25. Qxb7 Rec8 26. Kb1 Rc4 (26... Qf5+ $19 27. Ka2 Qe6+ 28. Ka3 R5c7) 27. Qxa7 $2 {[%mdl 8192]} (27. Rxd4 $17 R4c6 28. g3) 27... Qe4+ 28. Ka1 {[#]} d3 $1 {[%mdl 512]} 29. b3 (29. Rxd3 Rxa4+) 29... Qd4+ $4 {[%mdl 8192]} (29... Rc2 $19 {and life is good for Black. ( -> ...Qe5+)} 30. Rxc2 Rxc2 31. Qb8+ Kh7 32. Qxd6 d2 {[%mdl 64] Decoy} 33. Qxd2 Rxd2 34. Rxd2 Qe1+ {[%mdl 64] Double Attack} 35. Kb2 Qxd2+ {[%mdl 64] Double Attack} 36. Ka3 f5) 30. Qxd4 $18 Rxd4 31. Rxd3 {[%mdl 4096] Endgame KRR-KRR} Rb4 32. R1d2 ({Much less strong is} 32. Rxd6 $6 Rc2 $16) 32... f5 33. Kb2 ({Stronger than} 33. Rxd6 Rxb3 34. Rd8+ Rxd8 $11) (33. Ka2 $18) 33... Rcb8 34. Rxd6 $2 (34. Ka3 $16) 34... Rxa4 $2 {[%mdl 8192]} (34... Rxb3+ $11 35. Ka2 Kf7) 35. Kc3 $2 (35. Rd8+ $18 Kf7 36. Rxb8) 35... Rc8+ $11 36. Kd3 Raa8 37. Ke3 Kf7 38. Rd7+ Kg6 39. R2d6+ Kh5 40. g4+ (40. Rxg7 $11 {remains equal.} Rab8 41. h3) 40... fxg4 $17 41. Rxg7 Re8+ (41... Rc3+ $17 42. Kd4 Rc2) 42. Kf4 (42. Kd3 $11 {keeps the balance.}) 42... Rf8+ 43. Kg3 $2 (43. Ke4 $17 {was necessary.}) 43... Rf5 $2 ({Black should play} 43... Rf3+ $19 44. Kg2 Ra2+ 45. Kg1 Rxb3 46. Rd5+ Kh4) 44. Rf6 $2 {[%mdl 8192]} (44. Rxg4 $11 Rb5 45. Kh3) 44... Rg5 $2 {[%mdl 32768] Both players deserved the win here. Accuracy: White = 35%, Black = 56%. . Loss on time!?} (44... Rxf6 {mates} 45. Rxg4 Rg6 46. Rxg6 Kxg6 47. Kf4 Rb8 48. Kf3 Rxb3+ 49. Ke4 Rh3 50. Ke5 Kg5 51. Kd4 Rxh2 52. Ke3 h5 53. Kd4 h4 54. Ke4 h3 55. Ke3 Ra2 56. Kd4 h2 57. Ke5 h1=Q 58. Kd6 Qd1+ 59. Kc7 Rc2+ 60. Kb6 Qb1+ 61. Ka7 Ra2#) 0-1

[Event "Stay Safe Play From Home 199"]
[Site "T#646564Emanuel Laske"]
[Date "2020.06.04"]
[Round "9"]
[White "Matanant"]
[Black "Lamborghini"]
[Result "0-1"]
[WhiteElo "1604"]
[BlackElo "2120"]
[Annotator "TA"]
[PlyCount "68"]
[EventDate "2020.06.04"]
[EventType "swiss (blitz)"]

{[%evp 9,68,37,40,34,43,31,31,-38,0,-12,-14,-26,-34,-25,2,0,0,-96,-91,-77,-14,-12,-15,-19,51,43,64,77,101,104,105,0,3,0,0,0,0,0,0,0,0,-11,-14,-3,0,-9,-3,-27,-9,-51,0,-106,-99,-107,-77,-150,-150,-1336,-175,-1036,-252]} 1. b3 e5 2. Bb2 Nc6 3. e3 d5 4. Bb5 Nge7 5. Bxe5 a6 $1 {[%cal Ra6b5]} 6. Bxc6+ $1 {A01: Nimzowitsch-Larsen Opening.} Nxc6 7. Bb2 Qg5 8. Qf3 {[#]} ({White should try} 8. Kf1 $14) 8... Qg6 $146 {[%mdl 1024] Black has compensation.} (8... Bg4 $5 {[%cal Rg4f3]} 9. Qg3 Bd6 $11) ({Predecessor:} 8... Bd6 9. Nh3 Qg6 10. d3 Nb4 11. Na3 Bg4 12. Nf4 Bxf3 13. Nxg6 Bxg2 14. Nxh8 Bxh1 15. Bxg7 {1-0 (86) Sato,C (1457)-De Albuquerque,G (1598) Sao Paulo 2016}) 9. d3 Bg4 10. Qg3 $1 Bd6 11. f4 O-O-O $132 {[%mdl 2048] Black is not holding back} 12. Nf3 Rhe8 13. Nd4 (13. Ne5 $11 Bxe5 14. fxe5) 13... Nxd4 14. Bxd4 c5 (14... Bb4+ $17 15. Kf2 Qh5) 15. Be5 $11 Bxe5 16. fxe5 d4 (16... Bh5 $11) 17. exd4 Rxd4 {aiming for ...Qf6.} 18. O-O Bh5 19. Qxg6 Bxg6 20. Re1 (20. Nd2 $16) 20... Rd5 21. Nd2 Rdxe5 22. Rxe5 Rxe5 {[%mdl 4096] Endgame KRB-KRN} 23. Kf2 Kc7 24. Nc4 Re6 25. Re1 Rxe1 26. Kxe1 {KB-KN} f6 27. Ne3 Kd6 28. Kf2 Bf7 29. Kg3 b5 (29... Ke5 $15) 30. h4 {[#]} (30. Nf5+ $11 Ke5 31. Nxg7) 30... Ke5 $1 $17 31. Kf3 h6 32. g4 {[#]} (32. c3 $142) 32... Kd4 $1 33. Kg3 $2 (33. Nd1 $17) 33... g6 $2 (33... Kxe3 34. Kg2 Kd2) 34. g5 $2 (34. Nd1) 34... fxg5 $2 {Accuracy: White = 49%, Black = 58%.} (34... Kxe3 35. gxh6 Bg8) 0-1